000 01145naa a22003017a 4500
001 BR5400086
003 BR-BrBNA
005 20240918181855.0
007 ta
008 230509b bl.||||| |||| 00| 0 por d
040 _aBR-BrBNA
_bpor
_cBiblioteca Nacional de Agricultura
041 _a(Pt)
072 _aL50
_b5212
090 _aL50 BR5400086
100 1 _aManente, B.A.
100 1 _aBraganca, H. da S.
100 1 _aReis, J.M. dos
111 1 _a2. Congresso Panamericano de Medicina Veterinaria
_cSao Paulo, SP (Brazil)
_d3 Apr 1954
245 1 _aContribuicao ao estudo dos fenomenos da termo regulacao da glandula mamaria dos bovinos e da sua importancia na secrecao do leite
260 3 _aSao Paulo, SP (Brasil):
_c1954.
500 _aAnais do 2. Congresso Panamericano de Medicina Veterinaria Sao Paulo, SP (Brasil): 1954. p. 290-292 (BR5400086-AM)L50
650 _aBovino
650 _aGlandula Mamaria
650 _aLeite
773 0 _tAnais do 2. Congresso Panamericano de Medicina Veterinaria
_wL50 BR5400086
_gSao Paulo, SP (Brasil), 1954. p. 290-292
909 _a202404
_bLucia
_c55
_dLucia Elande
942 _cAM
_2AGRIS
999 _c327284
_d327284